|
|
|
|
| LEADER |
00726nab a2200169 i 4500 |
| 001 |
acta464 |
| 005 |
20210616145159.0 |
| 008 |
161015s1942 hu o 0|| ger d |
| 040 |
|
|
|a SZTE Egyetemi Kiadványok Repozitórium
|b hun
|
| 041 |
|
|
|a ger
|
| 100 |
2 |
|
|a Dr. Párducz Mihály
|
| 245 |
1 |
0 |
|a Siedlung der Sarmatenzeit und Gräberfeld der Árpádenzeit zu Hódmezővásárhely-Kopáncs
|h [elektronikus dokumentum] /
|c Dr. Párducz Mihály
|
| 260 |
|
|
|c 1942
|
| 300 |
|
|
|a 155-156
|
| 490 |
0 |
|
|a Dolgozatok a Magyar Királyi Ferencz József Tudományegyetem Archaeologiai Intézetéből
|v 18
|
| 695 |
|
|
|a temető, telep, Hódmezővásárhely-Kopáncs
|
| 856 |
4 |
0 |
|u http://acta.bibl.u-szeged.hu/464/1/dolgozatok_1942_155-156.pdf
|z Dokumentum-elérés
|